LEADER 01150nam a2200241 i 4500 001 000000070494 003 CaOOAMICUS 005 20080821000000.0 008 080821s1977 it u000 u ita u 013 $a41666 040 $aSeMil$bita 100 1 $aLambertino, Antonio.$0(OLS)http://semarc/name/19619 245 10$aMax Scheler :$bfondazione fenomelogica dell'etica dei valori /$cAntonio Lambertino. 260 $aFirenze :$bLa Nuova Italia,$c1977. 300 $a580 p. ;$c21 cm. 490 0 $aPubblicazioni della Facoltà di Magistero, Università degli studi di Parma ;$v3 650 4$aScheler, Max - Etica e morale.$0(OLS)http://semarc/subject/45065 650 4$aEtica dei valori.$0(OLS)http://semarc/subject/14065 830 0$aPubblicazioni della Facoltà di Magistero, Università degli studi di Parma ;$v3.$0(OLS)http://semarc/title/26265 850 $aSeMil 852 $aSeMil$W1$xVenegono$y1$m2P II 399$j36647$B36647$CSeMilBibl$Z2$F36650 $81 996 $6245$aMax Scheler :$bfondazione fenomelogica dell'etica dei valori$9(OLS)http://semarc/title/113206 996 $6260$aFirenze :$bLa Nuova Italia$9(OLS)http://semarc/publisher/30055 LEADER 01132nam a2200229 i 4500 001 000000013346 003 CaOOAMICUS 005 20220803165141.0 008 180830n it e u000 u ita u 040 $aSeMil$bita 245 13$aLe Garzantine. 260 $aMilano :$bGarzanti 300 $av. ;$c19 cm. 774 0 $tEnciclopedia della Musica.$dMilano : Garzanti, copyr. 1999.$w()85936 774 0 $tEnciclopedia dell'arte.$b3. ed.$dMilano : Garzanti, 2002.$z88-11-50495-3$w()85940 774 0 $aBellinger, Gerhard J. <1931-2020>$tEnciclopedia delle religioni.$dMilano : Garzanti, copyr. 2000.$z88-11-50454-6$w()138111 774 0 $tEnciclopedia della Letteratura.$b3. ed.$dMilano : Garzanti, 1997.$z88-11-50480-5$w()140876 774 0 $tNuova enciclopedia delle scienze Garzanti.$b4. ed. riveduta e corretta.$dMilano : Garzanti, 1998.$z88-11-50451-3$w()141115 774 0 $tEnciclopedia dell'Antichità Classica.$dMilano : Garzanti, copyr. 2000.$z88-11-50486-4$w()142500 996 $6245$aLe Garzantine$9(OLS)http://semarc/title/17776 996 $6260$aMilano :$bGarzanti$9(OLS)http://semarc/publisher/29852